Sports Quiz

Random Sports or NFL Quiz

Badly Drawn NFL Logos Quiz Stats

 Plays Quiz Updated Nov 21, 2017

Challenge
Share
Tweet
Score 0/32 Timer 04:00
2 Plays Today
% Correct
New York Giants
98.8%
Los Angeles Rams
98.4%
Atlanta Falcons
97.3%
Dallas Cowboys
93.7%
Minnesota Vikings
93.5%
San Francisco 49ers
93.5%
Buffalo Bills
93.2%
Philadelphia Eagles
93.2%
Miami Dolphins
92.7%
New Orleans Saints
92.3%
Kansas City Chiefs
92.1%
Carolina Panthers
92%
Washington Redskins
91.3%
Arizona Cardinals
91%
Cleveland Browns
90.8%
Seattle Seahawks
90.8%
% Correct
Denver Broncos
90.3%
Pittsburgh Steelers
89.8%
Indianapolis Colts
89.6%
New York Jets
89.5%
Detroit Lions
89.5%
Houston Texans
87.4%
New England Patriots
87.1%
Green Bay Packers
86.2%
Los Angeles Chargers
85.3%
Tampa Bay Buccaneers
85.2%
Baltimore Ravens
84.4%
Chicago Bears
83.6%
Cincinnati Bengals
82.6%
Oakland Raiders
82%
Tennessee Titans
81.2%
Jacksonville Jaguars
66.2%

You're not logged in!

Compare scores with friends on all Sporcle quizzes.
Join for Free
OR
Log In

You Might Also Like...

Show Comments

Extras

Top Quizzes Today


Score Distribution

Your Account Isn't Verified!

In order to create a playlist on Sporcle, you need to verify the email address you used during registration. Go to your Sporcle Settings to finish the process.

Report this User

Report this user for behavior that violates our Community Guidelines.

Details: